Διαλεκτική : δοκίμια

Αποθηκεύτηκε σε:
Λεπτομέρειες βιβλιογραφικής εγγραφής
Κύριος συγγραφέας: Markovic, Mihailo, 1923-2010
Άλλοι συγγραφείς: Kosik, Karel, 1926-, Βαμβαλής, Γιώργος (Μεταφραστής), Marcuse, Herbert, 1898-1979
Μορφή: Βιβλίο
Γλώσσα:Greek
German
Δημοσίευση: Αθήνα : Επίκουρος, 1973.
Σειρά:Θεωρητικά κείμενα ; v.1
Θέματα:
Ετικέτες: Προσθήκη ετικέτας
Δεν υπάρχουν, Καταχωρήστε ετικέτα πρώτοι!

MARC

LEADER 00000cam a2200000 i 4500
001 1/57158
008 960516s1973 gr | ||| |||| ||gre||
035 |l 10028144 
040 |a GR-MY-UA  |b gre  |e aacr 
041 1 |a gre  |h ger 
082 7 |a 146.32   |2 (22) 
100 1 |a Markovic, Mihailo,   |d 1923-2010. 
245 1 0 |a Διαλεκτική :   |b δοκίμια /   |c Μ.Μάρκοβιτς, Χ.Μαρκούζε, Κ.Κοζίκ ; μετάφραση: Γιώργου Βαμβαλή.  
260 |a Αθήνα :   |b Επίκουρος,   |c 1973.  
300 |a 60 σ. ;   |c 18 εκ.  
490 1 |a (Θεωρητικά κείμενα ;   |v  vol.1)  
500 |a Μιχαήλο Μάρκοβιτς: Σύγχρονα προβλήματα της διαλεκτικής,Φιλοσοφία και κριτική - Χέρμπερτ Μαρκούζε: Για την έννοια της άρνησης στη διαλεκτική - Κάρελ Κόζικ: Η διαλεκτικής της ηθικής και η ηθική της διαλεκτικής.  
650 0 0 |a Dialectic. 
700 1 |a Kosik, Karel,   |d 1926- 
700 1 |a Βαμβαλής, Γιώργος,  |e trl 
700 1 |a Marcuse, Herbert,   |d 1898-1979. 
830 0 |a Θεωρητικά κείμενα ;  |v  v.1 
852 |a INST  |b CHIOS  |e 19960516  |h 146.32 MAR  |p 005200008315  |q 005200008315  |t BK  |y 0 
909 |a Χ  |b 043222 
970 |z 1996/05